[Event "SLO-chT"]
[Site "Bled"]
[Date "1999.11.14"]
[Round "7"]
[White "Mikhalchishin, Adrian"]
[Black "Kozul, Zdenko"]
[Result "1/2-1/2"]
[WhiteElo "2552"]
[BlackElo "2612"]
[PlyCount "120"]
[EventDate "1999.11.08"]
[Source "www.chesslib.no"]
[SourceDate "2004.05.04"]

1. e4 c5 2. Nf3 Nc6 3. d4 cxd4 4. Nxd4 Nf6 5. Nc3 d6 6. Bc4 Qb6 7. Nb3 e6 8. O-O a6 9. a4 Na5 10. Be3 Qc7 11. Nxa5 Qxa5 12. Qd2 Be7 13. Rfd1 Qc7 14. Be2 Bd7 15. Bf4 Bc6 16. Bxd6 Bxd6 17. Qxd6 Qxd6 18. Rxd6 Bxe4 19. Nxe4 Nxe4 20. Rd4 Nf6 21. Bf3 Rb8 22. Rb4 Kd7 23. Rxb7+ Rxb7 24. Bxb7 Rb8 25. Bxa6 Rxb2 26. Bd3 Kc7 27. a5 Kb8 28. Kf1 g6 29. Ke2 Nd7 30. Ra3 Nc5 31. Kd2 Rb7 32. Rc3 Nxd3 33. Rxd3 Rc7 34. g4 Kb7 35. Rh3 f5 36. gxf5 exf5 37. Rc3 Rd7+ 38. Rd3 Re7 39. Re3 Rd7+ 40. Rd3 Re7 41. c4 Ka6 42. Ra3 f4 43. Kd3 Re5 44. h3 g5 45. Kd4 Re2 46. f3 h5 47. c5 g4 48. fxg4 hxg4 49. hxg4 Rg2 50. c6 Rxg4 51. Rc3 f3+ 52. Ke3 Rg8 53. Rc5 Re8+ 54. Kf2 Ka7 55. Rc3 Ka6 56. Rc5 Ka7 57. c7 Rc8 58. Kxf3 Kb7 59. Ke4 Rxc7 60. a6+ Kb6 1/2-1/2

[Event "Espana 87/185"]
[Site "?"]
[Date "2002.??.??"]
[Round "?"]
[White "Dominguez, L."]
[Black "Damljanovic, B."]
[Result "1/2-1/2"]
[WhiteElo "2608"]
[BlackElo "2550"]
[PlyCount "47"]
[EventDate "2002.??.??"]
[Source "Chess Informant"]
[SourceDate "2003.02.01"]

1. e4 c5 2. Nf3 Nc6 3. d4 cxd4 4. Nxd4 Nf6 5. Nc3 d6 6. Bc4 Qb6 7. Nb3 e6 8. Bf4 Ne5 9. Be2 Bd7 10. Qd2 Qc7 11. O-O-O a6 12. Bg3 b5 13. f4 Nc4 14. Qd4 e5 15. fxe5 dxe5 16. Qf2 Be6 17. Bxc4 bxc4 18. Nd4 Bc5 19. Nd5 Bxd5 20. exd5 O-O 21. Qf5 Bd6 22. Nc6 Rae8 23. Rhe1 Nd7 24. Qf1 1/2-1/2

[Event "SUI-chT"]
[Site "SUI"]
[Date "1995.??.??"]
[Round "3"]
[White "Renet, Olivier"]
[Black "Kortschnoj, Viktor"]
[Result "1/2-1/2"]
[WhiteElo "2520"]
[BlackElo "2635"]
[PlyCount "51"]
[EventDate "1995.??.??"]
[Source "ChessBase"]

1. e4 c5 2. Nf3 d6 3. d4 cxd4 4. Nxd4 Nf6 5. Nc3 Nc6 6. Bc4 Bd7 7. Bb3 g6 8. f3 Nxd4 9. Qxd4 Bg7 10. Bg5 Qa5 11. Qd2 Rc8 12. O-O Be6 13. Bh6 Bxh6 14. Qxh6 Qh5 15. Qxh5 Nxh5 16. e5 dxe5 17. Bxe6 fxe6 18. Rfe1 Rc5 19. Ne4 Rxc2 20. Rac1 Rxc1 21. Rxc1 Kf7 22. Rc7 Rb8 23. Nd6+ Kf6 24. Ne4+ Kf7 25. Nd6+ Kf6 26. Ne4+ 1/2-1/2

[Event "North Sea Cup"]
[Site "Esbjerg"]
[Date "2000.07.11"]
[Round "5"]
[White "De Vreugt, Dennis"]
[Black "Gulko, Boris F"]
[Result "0-1"]
[WhiteElo "2511"]
[BlackElo "2643"]
[PlyCount "102"]
[EventDate "2000.07.07"]
[Source "ChessBase"]
[SourceDate "2000.10.18"]

1. e4 c5 2. Nf3 Nc6 3. d4 cxd4 4. Nxd4 Nf6 5. Nc3 d6 6. Bc4 Qb6 7. Nde2 e6 8. O-O Be7 9. Bb3 O-O 10. Bg5 Rd8 11. Ng3 h6 12. Be3 Qc7 13. Nh5 Bd7 14. f4 Na5 15. Bd4 Nxh5 16. Qxh5 d5 17. exd5 Bc5 18. Bxc5 Qxc5+ 19. Kh1 Nxb3 20. axb3 exd5 21. Qxd5 Qc7 22. Qa5 b6 23. Qh5 Bc6 24. Rad1 Rxd1 25. Qxd1 Rd8 26. Qe2 Rd4 27. Qe3 Qd7 28. Kg1 b5 29. h3 b4 30. Ne2 Rd2 31. c3 Rxb2 32. cxb4 Qd5 33. Rf2 Rxb3 34. Qxa7 Rxh3 35. Qd4 Rb3 36. Qxd5 Bxd5 37. Kh2 Rxb4 38. Ng3 g6 39. Rd2 Bb7 40. Ne2 Kg7 41. Nd4 h5 42. Kh3 Kh6 43. Kh4 Bxg2 44. Kg3 Bb7 45. Kh4 Ra4 46. Kg3 Ra3+ 47. Kh2 h4 48. Rb2 Bd5 49. Rd2 Ba8 50. Rf2 Ra1 51. Kh3 Kh5 0-1

[Event "Cesko 81/175"]
[Site "?"]
[Date "2000.??.??"]
[Round "?"]
[White "Hracek, Z."]
[Black "Chernyshov, K."]
[Result "1/2-1/2"]
[WhiteElo "2612"]
[BlackElo "2536"]
[PlyCount "78"]
[EventDate "2000.??.??"]
[Source "Chess Informant"]
[SourceDate "2001.02.01"]

1. e4 c5 2. Nf3 d6 3. d4 cxd4 4. Nxd4 Nf6 5. Nc3 Nc6 6. Bc4 Na5 7. Bb5+ Bd7 8. Qe2 e6 9. Bg5 Be7 10. O-O-O a6 11. Bxd7+ Nxd7 12. Bxe7 Qxe7 13. Nb3 Nxb3+ 14. axb3 Rc8 15. Qd2 Rc6 16. Rhe1 O-O 17. Re3 Rd8 18. f4 b5 19. Kb1 Nc5 20. Qd4 Rcc8 21. f5 Rb8 22. Rg3 f6 23. fxe6 Kh8 24. Nd5 Qxe6 25. b4 Nxe4 26. Re3 f5 27. g4 Re8 28. Nc7 Nd2+ 29. Rxd2 Qxe3 30. Nxe8 Qxd4 31. Rxd4 Rxe8 32. gxf5 Rd8 33. b3 Kg8 34. c4 bxc4 35. Rxc4 Rf8 36. Rc6 Rxf5 37. Rxa6 Rb5 38. Rxd6 Rxb4 39. Rd3 g5 1/2-1/2

[Event "ch-SRB"]
[Site "Mataruska Banja SRB"]
[Date "2008.03.26"]
[Round "11"]
[White "Kovacevic, A."]
[Black "Perunovic, Mil"]
[Result "1-0"]
[WhiteElo "2575"]
[BlackElo "2570"]
[PlyCount "65"]
[EventDate "2008.03.15"]
[Source "www.chesslib.no"]
[SourceDate "2004.05.04"]

1. e4 c5 2. Nf3 Nc6 3. d4 cxd4 4. Nxd4 Nf6 5. Nc3 d6 6. Bc4 Qb6 7. Nb3 e6 8. Bf4 Ne5 9. Be2 Bd7 10. Qd2 Qc7 11. Bg5 a6 12. Bxf6 gxf6 13. O-O Be7 14. Qh6 O-O-O 15. Qe3 Kb8 16. a4 Nc4 17. Bxc4 Qxc4 18. Rfd1 f5 19. Rd4 Qc7 20. exf5 Rhg8 21. Nd5 exd5 22. Qxe7 Qxc2 23. Qxd6+ Ka8 24. Qb6 Qxf5 25. g3 Rde8 26. Rb4 Bc8 27. Nd4 Qg6 28. Qc5 Rd8 29. Rb6 Qe4 30. Nc6 Rd7 31. Rb4 bxc6 32. Rxe4 dxe4 33. Qxc6+ 1-0

[Event "Clarin GP-f"]
[Site "Villa Gesell"]
[Date "1997.??.??"]
[Round "8"]
[White "Rodriguez, Andres"]
[Black "Ricardi, Pablo"]
[Result "0-1"]
[WhiteElo "2565"]
[BlackElo "2575"]
[PlyCount "82"]
[EventDate "1997.03.02"]
[Source "ChessBase"]

1. e4 c5 2. Nf3 Nc6 3. d4 cxd4 4. Nxd4 Nf6 5. Nc3 d6 6. Bc4 Qb6 7. Nb3 e6 8. Bf4 Ne5 9. Be2 Bd7 10. g4 h6 11. f3 Rc8 12. Qd2 a6 13. O-O-O Qc7 14. h4 b5 15. g5 Nh5 16. Bh2 hxg5 17. hxg5 g6 18. Nd4 b4 19. Nb1 Nc4 20. Qxb4 Ne3 21. Rd2 Ng3 22. Bxa6 Nxh1 23. Bxc8 Qxc8 24. Nb5 Qc4 25. Nc7+ Qxc7 26. Qd4 Qc4 27. Qxe3 Qf1+ 28. Rd1 Qf2 29. Bg1 Qxe3+ 30. Bxe3 Rh3 31. Nd2 d5 32. exd5 exd5 33. Re1 Kd8 34. c3 Ng3 35. Bd4 Nf5 36. Bf6+ Kc7 37. Kc2 Bd6 38. b3 Bf4 39. a4 Kd6 40. Kd3 Nh4 41. Be7+ Kc6 0-1

[Event "St Petersburg RUS"]
[Site "?"]
[Date "2005.03.22"]
[Round "6"]
[White "Popov Val"]
[Black "Yevseev Denis"]
[Result "1/2-1/2"]
[WhiteElo "2588"]
[BlackElo "2550"]
[PlyCount "25"]
[EventDate "2005.??.??"]
[Source "www.chesslib.no"]
[SourceDate "2004.05.04"]

1. e4 c5 2. Nf3 Nc6 3. d4 cxd4 4. Nxd4 Nf6 5. Nc3 d6 6. Bc4 Qb6 7. Nxc6 bxc6 8. O-O g6 9. Be3 Qc7 10. f4 Bg7 11. Kh1 O-O 12. Qd3 Rb8 13. Bb3 1/2-1/2

[Event "ch-SRB"]
[Site "Mataruska Banja SRB"]
[Date "2008.03.21"]
[Round "7"]
[White "Sedlak, N."]
[Black "Perunovic, Mil"]
[Result "1/2-1/2"]
[WhiteElo "2568"]
[BlackElo "2570"]
[PlyCount "86"]
[EventDate "2008.03.15"]
[Source "www.chesslib.no"]
[SourceDate "2004.05.04"]

1. e4 c5 2. Nf3 Nc6 3. d4 cxd4 4. Nxd4 Nf6 5. Nc3 d6 6. Bc4 Qb6 7. Nxc6 bxc6 8. O-O g6 9. Qe1 Nd7 10. Be3 Qb4 11. Bb3 Ba6 12. Ne2 Qxe1 13. Rfxe1 Bg7 14. Bd4 O-O 15. Bxg7 Kxg7 16. Nc3 Rab8 17. f4 Nc5 18. Rab1 Rb6 19. Ba4 Rfb8 20. b3 Ne6 21. f5 Nd4 22. Rbc1 e5 23. fxe6 fxe6 24. Red1 e5 25. Rd2 Rf8 26. Re1 Kf6 27. Nd1 Ke7 28. c3 Ne6 29. b4 Rf4 30. Nf2 c5 31. a3 Bc4 32. Bc2 cxb4 33. axb4 Ra6 34. Bd3 Bxd3 35. Nxd3 Rf8 36. b5 Ra5 37. Nb4 Rxb5 38. Red1 Rc8 39. Rxd6 Nd4 40. Ra6 Ne2+ 41. Kf1 Nxc3 42. Rxa7+ Kf6 43. Nd5+ Nxd5 1/2-1/2

[Event "Munich"]
[Site "Munich"]
[Date "1990.??.??"]
[Round "?"]
[White "Brunner, Lucas"]
[Black "Gulko, Boris F"]
[Result "1/2-1/2"]
[WhiteElo "2525"]
[BlackElo "2610"]
[PlyCount "32"]
[EventDate "1990.04.??"]
[Source "ChessBase"]

1. e4 c5 2. Nf3 Nc6 3. d4 cxd4 4. Nxd4 Nf6 5. Nc3 d6 6. Bc4 Qb6 7. Nb3 e6 8. O-O a6 9. Bg5 Ne5 10. Be2 Be7 11. Kh1 O-O 12. f4 Ng6 13. Bh5 Nxh5 14. Bxe7 Ng3+ 15. hxg3 Nxe7 16. Qd3 d5 1/2-1/2

[Event "Cienfuegos"]
[Site "?"]
[Date "1996.??.??"]
[Round "?"]
[White "Morovic Fernandez, I."]
[Black "Hernandez, Gi"]
[Result "1-0"]
[WhiteElo "2575"]
[BlackElo "2555"]
[PlyCount "61"]
[EventDate "1996.??.??"]
[Source "ChessBase"]
[SourceDate "1996.06.01"]

1. e4 c5 2. Nf3 Nc6 3. d4 cxd4 4. Nxd4 Nf6 5. Nc3 d6 6. Bc4 Qb6 7. Nxc6 bxc6 8. O-O g6 9. e5 dxe5 10. Qe2 Qc7 11. f4 e4 12. Nxe4 Nxe4 13. Qxe4 Bg7 14. c3 O-O 15. Be3 Rb8 16. Qc2 a5 17. a4 Qb7 18. Rf2 Bf5 19. Qe2 h5 20. h3 h4 21. Rd1 Rfd8 22. Rxd8+ Rxd8 23. Qe1 Bf6 24. Rd2 Re8 25. Bf2 Qc7 26. Bxh4 Qxf4 27. Bxf6 Qxc4 28. Qxe7 Qe4 29. Qxe4 Bxe4 30. b4 axb4 31. cxb4 1-0

[Event "Moscow ol (Men)"]
[Site "Moscow"]
[Date "1994.??.??"]
[Round "9"]
[White "Hernandez, Gilberto"]
[Black "Kortschnoj, Viktor"]
[Result "0-1"]
[WhiteElo "2510"]
[BlackElo "2615"]
[PlyCount "144"]
[EventDate "1994.11.??"]
[Source "ChessBase"]

1. e4 c5 2. Nf3 d6 3. d4 cxd4 4. Nxd4 Nf6 5. Nc3 Nc6 6. Bc4 Bd7 7. Nxc6 bxc6 8. O-O e6 9. Qe2 Be7 10. b3 d5 11. Bd3 d4 12. Na4 c5 13. Nb2 Bc6 14. Nc4 Qc7 15. f4 Nd7 16. Bd2 Rc8 17. a4 O-O 18. a5 Bb5 19. Rf3 f6 20. Raf1 Rf7 21. g4 a6 22. h4 Qc6 23. g5 f5 24. h5 Bxc4 25. bxc4 g6 26. Rh3 Nf8 27. Re1 Bd6 28. exf5 gxf5 29. Qg2 Qxg2+ 30. Kxg2 Rb7 31. Kf3 Rcb8 32. Rhh1 Kg7 33. Bc1 Rb1 34. Ba3 Rxe1 35. Rxe1 Kf7 36. Ra1 Nd7 37. Bc1 Bc7 38. Bd2 Rb2 39. Bc1 Rb7 40. Bd2 Nb8 41. Rg1 Nc6 42. Ke2 Rb2 43. Ra1 Nb4 44. Bc1 Ra2 45. Rxa2 Nxa2 46. Bd2 Nc3+ 47. Bxc3 dxc3 48. Ke3 Bxa5 49. Be2 Bb4 50. Bf3 Ba3 51. Bb7 Bc1+ 52. Kf3 a5 53. Bc6 e5 54. g6+ hxg6 55. hxg6+ Kxg6 56. fxe5 Kf7 57. Bd7 Ke7 58. Bc6 Ke6 59. Bb5 Kxe5 60. Ba4 Kf6 61. Bb5 Kg5 62. Bc6 Kh4 63. Bd7 Bd2 64. Bc6 Kg5 65. Bb5 Kf6 66. Ba4 Ke5 67. Bc6 Kd4 68. Bb5 Bc1 69. Kf2 Ke4 70. Bd7 Kf4 71. Bc6 Be3+ 72. Ke2 Bd4 0-1

[Event "RUS-ch"]
[Site "Elista"]
[Date "1996.??.??"]
[Round "1"]
[White "Varavin, Viktor"]
[Black "Kharlov, Andrei"]
[Result "1/2-1/2"]
[WhiteElo "2520"]
[BlackElo "2605"]
[PlyCount "65"]
[EventDate "1996.10.15"]
[Source "ChessBase"]

1. e4 c5 2. Nf3 Nc6 3. d4 cxd4 4. Nxd4 Nf6 5. Nc3 d6 6. Bc4 Qb6 7. Ndb5 a6 8. Be3 Qa5 9. Nd4 e6 10. O-O Be7 11. f4 O-O 12. Kh1 Nxd4 13. Bxd4 e5 14. Be3 Be6 15. Bb3 exf4 16. Rxf4 Nd7 17. Nd5 Bg5 18. Rf3 Bxd5 19. Bxd5 Bxe3 20. Rxe3 Rab8 21. Rg3 g6 22. Qh5 Kg7 23. Qg5 Qd8 24. Qd2 Ne5 25. Rf1 b5 26. Qd4 Qb6 27. Qd2 Qd8 28. Rf5 h6 29. Rh3 h5 30. Rg3 h4 31. Rh5 hxg3 32. Qh6+ Kf6 33. Qg5+ 1/2-1/2

[Event "Campionato europeo 2007"]
[Site "Dresda GER"]
[Date "2007.04.03"]
[Round "1"]
[White "Guliev, Logman"]
[Black "Jobava, Baadur"]
[Result "1/2-1/2"]
[WhiteElo "2466"]
[BlackElo "2658"]
[PlyCount "60"]
[EventDate "2007.04.03"]
[Source "www.chesslib.no"]
[SourceDate "2004.05.04"]

1. e4 c5 2. Nf3 d6 3. d4 cxd4 4. Nxd4 Nf6 5. Nc3 Nc6 6. Bc4 Bd7 7. O-O g6 8. Bg5 Bg7 9. Nxc6 bxc6 10. Qd2 O-O 11. Rad1 Bg4 12. f3 Be6 13. Bxe6 fxe6 14. b3 Nd7 15. Ne2 Ne5 16. Bh6 Bxh6 17. Qxh6 Qb6+ 18. Kh1 a5 19. Qh4 Rf6 20. f4 Raf8 21. Ng3 Nf7 22. e5 dxe5 23. Ne4 Rxf4 24. Rxf4 exf4 25. Qxe7 Rd8 26. Rd7 Rxd7 27. Nf6+ Kg7 28. Ne8+ Kg8 29. Nf6+ Kg7 30. Nxd7 Qb4 1/2-1/2

[Event "Silivri 88/181"]
[Site "?"]
[Date "2003.??.??"]
[Round "?"]
[White "Kupreichik, V."]
[Black "Damljanovic, B."]
[Result "0-1"]
[WhiteElo "2529"]
[BlackElo "2587"]
[PlyCount "98"]
[EventDate "2003.??.??"]
[Source "Chess Informant"]
[SourceDate "2003.06.01"]

1. e4 c5 2. Nf3 Nc6 3. d4 cxd4 4. Nxd4 Nf6 5. Nc3 d6 6. Bc4 Qb6 7. Nb3 e6 8. Bf4 Ne5 9. Be2 Bd7 10. Be3 Qc7 11. Qd4 a6 12. f4 Ng6 13. O-O-O Be7 14. g4 e5 15. Qd2 Bc6 16. Nd5 Bxd5 17. exd5 exf4 18. Bxf4 O-O 19. Kb1 Rfe8 20. Rhf1 Ne4 21. Qb4 Bh4 22. Bd3 a5 23. Qa4 Nf2 24. Bxg6 hxg6 25. Rd2 Re4 26. Rd4 Re2 27. Qc4 Qxc4 28. Rxc4 Re4 29. Nd2 Rxc4 30. Nxc4 Nxg4 31. Nxd6 g5 32. Bg3 Bxg3 33. hxg3 b6 34. c4 Ne5 35. b3 g6 36. Ne4 g4 37. Rf6 Rb8 38. Kc2 Kg7 39. Kc3 Nf3 40. Rc6 Re8 41. Nd6 Re3+ 42. Kb2 Ne5 43. Rxb6 Rxg3 44. c5 Nd3+ 45. Kc3 Nxc5+ 46. Kd4 Rd3+ 47. Kxc5 g3 48. Kc4 Rd1 49. Nxf7 Kxf7 0-1

[Event "Novosibirsk"]
[Site "Novosibirsk"]
[Date "1995.??.??"]
[Round "3"]
[White "Rublevsky, Sergei"]
[Black "Makarov, Marat"]
[Result "1/2-1/2"]
[WhiteElo "2595"]
[BlackElo "2520"]
[PlyCount "43"]
[EventDate "1995.10.??"]
[Source "ChessBase"]

1. e4 c5 2. Nf3 Nc6 3. d4 cxd4 4. Nxd4 Nf6 5. Nc3 d6 6. Bc4 Qb6 7. Nb3 e6 8. Bf4 Ne5 9. Be2 Bd7 10. O-O Be7 11. Be3 Qc7 12. Nd2 O-O 13. f4 Ng6 14. a4 b6 15. Bd3 Bc6 16. Qe2 Rfe8 17. Nb3 a6 18. Rae1 Bb7 19. Qf2 Nd7 20. Qf3 Bf6 21. Bd2 Nc5 22. Qh3 1/2-1/2

[Event "4th IECC"]
[Site "Istanbul"]
[Date "2003.05.31"]
[Round "2"]
[White "Gdanski, Jacek"]
[Black "Alekseev, Evgeny"]
[Result "1-0"]
[WhiteElo "2506"]
[BlackElo "2607"]
[PlyCount "89"]
[EventDate "2003.05.30"]
[Source "Roberto Alvarez"]
[SourceDate "2003.06.23"]

1. e4 c5 2. Nc3 Nc6 3. Nf3 d6 4. d4 cxd4 5. Nxd4 Nf6 6. Bc4 Qb6 7. Ndb5 a6 8. Be3 Qa5 9. Nd4 e6 10. O-O Be7 11. Bb3 O-O 12. f4 Bd7 13. f5 Nxd4 14. Bxd4 Kh8 15. Qd3 b5 16. Bxf6 Bxf6 17. Qxd6 b4 18. Qxd7 bxc3 19. bxc3 Qxc3 20. Rae1 Rad8 21. Qb7 a5 22. a4 Rde8 23. fxe6 fxe6 24. Qb5 Bh4 25. Rd1 h6 26. Qe2 Be7 27. g3 Qe5 28. Qg4 Kh7 29. Kg2 Bc5 30. Rxf8 Bxf8 31. Qf4 Qh5 32. Rd7 Bc5 33. Qf7 Qe5 34. Qf4 Qh5 35. Qf3 Qe5 36. Qg4 Bb6 37. h4 Bc5 38. h5 Kh8 39. Qg6 Rf8 40. Bxe6 Qa1 41. Bf5 Qg1+ 42. Kh3 Qf1+ 43. Kh4 Be7+ 44. Rxe7 Qh1+ 45. Bh3 1-0

[Event "Sigeman & Co"]
[Site "Malmo"]
[Date "2001.06.20"]
[Round "9"]
[White "Wedberg, Tom"]
[Black "Gulko, Boris F"]
[Result "0-1"]
[WhiteElo "2505"]
[BlackElo "2606"]
[PlyCount "160"]
[EventDate "2001.06.12"]
[Source "ChessBase"]
[SourceDate "2001.09.13"]

1. e4 c5 2. Nf3 Nc6 3. d4 cxd4 4. Nxd4 Nf6 5. Nc3 d6 6. Bc4 Qb6 7. Nb3 e6 8. O-O Be7 9. Bg5 Bd7 10. Kh1 Rc8 11. Bxf6 Bxf6 12. Nb5 O-O 13. Be2 d5 14. exd5 exd5 15. Qxd5 Be6 16. Qe4 Bxb2 17. Rab1 Bf6 18. c4 Ne7 19. c5 Qc6 20. Nd6 b6 21. Qf4 Ng6 22. Qc1 Bd5 23. f3 Rcd8 24. Bb5 Qc7 25. Ne4 Be5 26. cxb6 axb6 27. Qxc7 Bxc7 28. a4 Ne5 29. Rfc1 Bb8 30. Nbd2 f5 31. Nc3 Be6 32. Nf1 Rd6 33. Re1 Rc8 34. Rxe5 Rxc3 35. Rbe1 Kf7 36. Ng3 Rc5 37. R5e2 g6 38. Kg1 Bc7 39. Nh1 Kf6 40. Nf2 Bf7 41. f4 Rd4 42. g3 Bd6 43. Rb1 Rc3 44. Nd1 Rb3 45. Rc1 Ba3 46. Ra1 Bc5 47. Kf1 Bd5 48. Nf2 Rxb5 49. axb5 Bc4 50. Raa2 Bxb5 51. Kg2 Bxe2 52. Rxe2 b5 53. Rb2 b4 54. Kf3 Ke6 55. Ke2 Kd5 56. Nd3 Bd6 57. Rc2 Re4+ 58. Kd1 Rd4 59. Ke2 Re4+ 60. Kd1 Re7 61. Rc8 Kd4 62. Nb2 Rc7 63. Rd8 Rc6 64. Rd7 h5 65. Rg7 Bc7 66. Rd7+ Ke4 67. Re7+ Kf3 68. Kd2 Kg2 69. Nd3 Kxh2 70. Ke2 Kxg3 71. Nxb4 Rc4 72. Nd5 Bxf4 73. Rg7 g5 74. Ne7 Kg4 75. Ng8 Re4+ 76. Kd3 Re6 77. Rh7 Be5 78. Nh6+ Kf4 79. Nxf5 Kxf5 80. Rxh5 Bf4 0-1

[Event "otb"]
[Site "otb"]
[Date "2007.04.25"]
[Round "8"]
[White "Hector Jonny"]
[Black "Kotrotsos Vasilios"]
[Result "0-1"]
[WhiteElo "2537"]
[BlackElo "2570"]
[PlyCount "82"]
[Source "www.chesslib.no"]
[SourceDate "2004.05.04"]

1. e4 c5 2. Nf3 Nc6 3. d4 cxd4 4. Nxd4 Nf6 5. Nc3 d6 6. Bc4 Qb6 7. Be3 Qxb2 8. Ndb5 Qb4 9. Qe2 Qa5 10. Bd2 Qd8 11. Nd5 Nxd5 12. exd5 Ne5 13. Bb3 a6 14. f4 Ng4 15. Na3 Nf6 16. Nc4 Bg4 17. Qd3 b5 18. Na5 Bd7 19. a4 g6 20. Nc6 Bxc6 21. dxc6 Bg7 22. axb5 O-O 23. c4 Nd7 24. Ba5 Nc5 25. Qc2 Qb8 26. Bc3 Bxc3+ 27. Qxc3 Qb6 28. Rb1 axb5 29. cxb5 Ne4 30. Qb4 Qe3+ 31. Kd1 Qd3+ 32. Kc1 Nc3 33. Bc4 Na2+ 34. Bxa2 Rxa2 35. Rb2 Ra3 36. Rd2 Qe3 37. Qd4 Qe6 38. Rc2 Rfa8 39. Rd1 R8a4 40. c7 Ra1+ 41. Qxa1 Rxa1+ 0-1

[Event "Dos Hermanas op"]
[Site "Dos Hermanas"]
[Date "1998.??.??"]
[Round "8"]
[White "Ehlvest, Jaan"]
[Black "De la Riva Aguado, Oscar"]
[Result "1/2-1/2"]
[WhiteElo "2610"]
[BlackElo "2495"]
[PlyCount "86"]
[EventDate "1998.04.17"]
[Source "www.chesslib.no"]
[SourceDate "2004.05.04"]

1. e4 c5 2. Nf3 Nc6 3. d4 cxd4 4. Nxd4 Nf6 5. Nc3 d6 6. Bc4 Bd7 7. Bb3 g6 8. Be3 Ng4 9. Nxc6 bxc6 10. Qf3 Ne5 11. Qe2 Bg7 12. f4 Ng4 13. Bd2 O-O 14. O-O Rb8 15. Kh1 Nf6 16. Rae1 Qc8 17. Qf2 c5 18. e5 Ng4 19. Qe2 Bc6 20. Bd5 Nh6 21. b3 Nf5 22. e6 f6 23. g4 Nd4 24. Qg2 f5 25. Bxc6 Nxc6 26. g5 Nb4 27. Nd5 Nxd5 28. Qxd5 Qa6 29. a4 Rfc8 30. Be3 c4 31. Rb1 cxb3 32. cxb3 Rc3 33. Bg1 Rd3 34. Qg2 Rdxb3 35. Rxb3 Rxb3 36. Qa8+ Bf8 37. Rc1 Qxa4 38. Rc8 Qe4+ 39. Qxe4 fxe4 40. Kg2 Rf3 41. h4 a5 42. Bh2 Kg7 43. Ra8 Kg8 1/2-1/2

[Event "Odessa"]
[Site "?"]
[Date "2000.03.26"]
[Round "9"]
[White "Golubev Mikhail"]
[Black "Tukmakov Vladimir B"]
[Result "1/2-1/2"]
[WhiteElo "2531"]
[BlackElo "2574"]
[PlyCount "51"]
[EventDate "2000.??.??"]
[Source "www.chesslib.no"]
[SourceDate "2004.05.04"]

1. e4 c5 2. Nf3 Nc6 3. d4 cxd4 4. Nxd4 Nf6 5. Nc3 d6 6. Bc4 Qb6 7. Ndb5 a6 8. Be3 Qa5 9. Nd4 e6 10. O-O Be7 11. Bb3 O-O 12. f4 Bd7 13. Qf3 Nxd4 14. Bxd4 Bc6 15. f5 exf5 16. Qg3 Nh5 17. Qh3 Bf6 18. Be3 Bxc3 19. bxc3 Qxc3 20. Rad1 Bxe4 21. Rxd6 Rad8 22. Bxf7+ Kxf7 23. Rxf5+ Bxf5 24. Qxf5+ Nf6 25. Qe6+ Kg6 26. Qg4+ 1/2-1/2

[Event "Vrsac"]
[Site "Vrsac"]
[Date "1989.??.??"]
[Round "11"]
[White "Ivanovic, Bozidar"]
[Black "Damljanovic, Branko"]
[Result "1-0"]
[WhiteElo "2545"]
[BlackElo "2555"]
[PlyCount "99"]
[EventDate "1989.09.??"]
[Source "ChessBase"]

1. e4 c5 2. Nf3 Nc6 3. d4 cxd4 4. Nxd4 Nf6 5. Nc3 d6 6. Bc4 Qb6 7. Nb3 e6 8. O-O Be7 9. Bg5 O-O 10. Kh1 Rd8 11. Qe2 Qc7 12. f4 h6 13. Bh4 a6 14. Bd3 b5 15. Rae1 Bb7 16. e5 Ne8 17. Bg3 dxe5 18. fxe5 Nb4 19. Be4 Bf8 20. a3 Bxe4 21. Nxe4 Nc6 22. Rf3 Nxe5 23. Rc3 Qb8 24. Qh5 f6 25. Nbc5 Bxc5 26. Nxc5 Qb6 27. Bxe5 fxe5 28. Rf1 Ra7 29. b4 Nf6 30. Qxe5 Re7 31. Rg3 Rf7 32. Re1 Rd5 33. Qe3 e5 34. Qxh6 Qd6 35. Qh4 Rd1 36. Rd3 Rxe1+ 37. Qxe1 Qe7 38. h3 Nh5 39. Kh2 Qg5 40. Ne6 Qf6 41. Rd8+ Kh7 42. Qe4+ g6 43. Qg4 Kh6 44. h4 Nf4 45. Ng5 Rc7 46. Rd7 Rxd7 47. Qxd7 Qg7 48. Qd8 Kh5 49. g3 Qb7 50. Qd1+ 1-0

[Event "LXVIII Campionato Italiano Assoluto"]
[Site "Martina Franca ITA"]
[Date "2008.12.05"]
[Round "3"]
[White "Dvirnyy, D."]
[Black "Caruana, F."]
[Result "1/2-1/2"]
[WhiteElo "2458"]
[BlackElo "2640"]
[PlyCount "51"]
[EventDate "2008.12.03"]
[Source "www.chesslib.no"]
[SourceDate "2004.05.04"]

1. e4 c5 2. Nf3 d6 3. d4 Nf6 4. Nc3 cxd4 5. Nxd4 Nc6 6. Bc4 Qb6 7. Nxc6 bxc6 8. O-O g6 9. Qe1 Qc7 10. Bf4 Nd7 11. Qd2 Bg7 12. Bh6 O-O 13. Bxg7 Kxg7 14. b3 Bb7 15. Rfe1 Qa5 16. Re3 Rad8 17. Rh3 Nf6 18. e5 Nh5 19. Qg5 h6 20. Qxe7 Bc8 21. Rxh5 Qxc3 22. Rf1 Qxc2 23. Qf6+ Kh7 24. e6 Bxe6 25. Bxe6 Qe2 26. Ra5 1/2-1/2

[Event "Andorra op"]
[Site "Andorra"]
[Date "2001.07.08"]
[Round "9"]
[White "Jaracz, Pawel"]
[Black "Baklan, Vladimir"]
[Result "1/2-1/2"]
[WhiteElo "2484"]
[BlackElo "2613"]
[PlyCount "24"]
[EventDate "2001.06.30"]
[Source "ChessBase"]
[SourceDate "2001.09.11"]

1. e4 c5 2. Nf3 d6 3. d4 cxd4 4. Nxd4 Nf6 5. Nc3 Nc6 6. Bc4 e5 7. Nde2 Be6 8. Bb3 Be7 9. Bg5 O-O 10. Bxf6 Bxf6 11. O-O Rc8 12. Nd5 Bg5 1/2-1/2

[Event "III Memorial E.Geller - Open A"]
[Site "Odessa UCR"]
[Date "2007.09.13"]
[Round "6"]
[White "Zubov, Alexander"]
[Black "Shishkin, Vadim"]
[Result "1-0"]
[WhiteElo "2552"]
[BlackElo "2543"]
[PlyCount "61"]
[EventDate "2007.09.08"]
[Source "www.chesslib.no"]
[SourceDate "2004.05.04"]

1. e4 c5 2. Nf3 Nc6 3. d4 cxd4 4. Nxd4 Nf6 5. Nc3 d6 6. Bc4 Qb6 7. Nxc6 bxc6 8. O-O g6 9. Qe1 Nd7 10. Na4 Qd4 11. Bb3 Nf6 12. Qa5 Bg7 13. Be3 Qxe4 14. Nb6 Rb8 15. Qxa7 O-O 16. Rae1 Bb7 17. Bg5 Qf5 18. Rxe7 Qxg5 19. Rxb7 Rxb7 20. Qxb7 Ng4 21. c3 Nxh2 22. Kxh2 Qh4+ 23. Kg1 Be5 24. Rd1 Qh2+ 25. Kf1 Qh1+ 26. Ke2 Qxg2 27. Rd3 Bf6 28. Qd7 Kg7 29. Rf3 Qg5 30. Qxc6 Qh5 31. Nc4 1-0

[Event "Balkaniad (Men)"]
[Site "Baile Herculane"]
[Date "1978.10.??"]
[Round "3"]
[White "Ljubojevic, Ljubomir"]
[Black "Radulov, Ivan G"]
[Result "1/2-1/2"]
[WhiteElo "2605"]
[BlackElo "2490"]
[PlyCount "49"]
[EventDate "1978.10.02"]
[Source "www.chesslib.no"]
[SourceDate "2004.05.04"]

1. e4 c5 2. Nf3 Nc6 3. d4 cxd4 4. Nxd4 Nf6 5. Nc3 d6 6. Bc4 Qb6 7. Nb3 e6 8. Bf4 Ne5 9. Be2 Be7 10. Be3 Qc7 11. Qd4 O-O 12. f4 Nc6 13. Qd2 a6 14. g4 d5 15. e5 Nd7 16. g5 b5 17. a4 b4 18. Nd1 Na5 19. Nxa5 Qxa5 20. Nf2 Bb7 21. Rg1 Nc5 22. Bxc5 Bxc5 23. Rg3 Bxf2+ 24. Kxf2 Qb6+ 25. Kg2 1/2-1/2

[Event "14 Open International"]
[Site "Le Touquet"]
[Date "1999.??.??"]
[Round "4"]
[White "Dgebuadze, Alexandre"]
[Black "Stefansson, Hannes"]
[Result "1-0"]
[WhiteElo "2510"]
[BlackElo "2585"]
[PlyCount "85"]
[EventDate "1999.10.30"]
[Source "www.chesslib.no"]
[SourceDate "2004.05.04"]

1. e4 c5 2. Nf3 Nc6 3. d4 cxd4 4. Nxd4 Nf6 5. Nc3 d6 6. Bc4 Qb6 7. Nb3 e6 8. O-O Be7 9. a4 O-O 10. a5 Qc7 11. Bf4 Rd8 12. Qe2 Bd7 13. a6 bxa6 14. Bxa6 Nb4 15. e5 Nfd5 16. Nxd5 Nxd5 17. exd6 Bxd6 18. Bxd6 Qxd6 19. Bb7 Rab8 20. Bxd5 Qxd5 21. Rfd1 Qg5 22. Ra5 Qg6 23. Nd4 Qf6 24. c3 Be8 25. h3 Rb7 26. Rda1 Qe7 27. b4 Rc8 28. Qe3 Rcc7 29. Re5 Qd8 30. f4 Re7 31. Re1 Rb6 32. f5 Bd7 33. f6 Re8 34. fxg7 Qf6 35. Rf1 Qg6 36. Rg5 Qh6 37. Qe5 f5 38. Rg3 Qh4 39. Kh2 Qe7 40. Re1 Qd8 41. Rge3 Kf7 42. Nxf5 exf5 43. Qxe8+ 1-0